[Event "Coupe Totier 2010 Qualifications Suisse"]
[Site "Martigues"]
[Date "2010.06.06"]
[Round "1.4"]
[White "Roman, Sylvian"]
[Black "Nari, Alain"]
[Result "0-1"]
[WhiteElo "1490"]
[BlackElo "1630"]
[PlyCount "104"]
[EventDate "2010.06.06"]
[EventType "swiss ()"]
[EventRounds "3"]
[EventCountry "FRA"]
[Source "CDJE 13"]
[SourceDate "2010.06.15"]
[WhiteTeam "Aubagne II"]
[BlackTeam "Istres/Fos"]
[WhiteTeamCountry "FRA"]
[BlackTeamCountry "FRA"]

1. e4 c5 2. Nf3 d6 3. d4 cxd4 4. Nxd4 Nf6 5. Nc3 a6 6. Bd3 g6 7. Be3 Bg7 8. O-O
O-O 9. Rb1 Ng4 10. Qe2 Nxe3 11. Qxe3 Qb6 12. Nd5 Qxd4 13. Qxd4 Bxd4 14. Nxe7+
Kg7 15. c3 Bf6 16. Nd5 Bd8 17. f4 Be6 18. Bc4 Bxd5 19. Bxd5 Nc6 20. Rbd1 Bb6+
21. Kh1 Bc7 22. Rfe1 Rab8 23. Bxc6 bxc6 24. b3 Rfe8 25. c4 Re7 26. g3 Rbe8 27.
Kg2 Rxe4 28. Rxe4 Rxe4 29. Kf3 Re6 30. Rd2 Bb6 31. Rd3 Bc5 32. a4 Re1 33. h4
Bb4 34. Kf2 Rc1 35. Ke2 Rc3 36. Rxc3 Bxc3 37. Kf3 f5 38. Ke3 Kf7 39. Kf3 Ke6
40. g4 fxg4+ 41. Kxg4 Kf6 42. h5 gxh5+ 43. Kxh5 Kf5 44. Kh6 Kxf4 45. Kxh7 Ke4
46. Kg6 Kd3 47. Kf5 Be5 48. c5 Bh2 49. cxd6 Bxd6 50. Ke6 Bb4 51. Kd7 c5 52. Kc6
Kc3 0-1

[Event "Coupe Totier 2010 Qualifications Suisse"]
[Site "Martigues"]
[Date "2010.06.06"]
[Round "1.1"]
[White "Normand, Geoffroy"]
[Black "Faure, Alexandre"]
[Result "1-0"]
[WhiteElo "2019"]
[BlackElo "1725"]
[PlyCount "61"]
[EventDate "2010.06.06"]
[EventType "swiss ()"]
[EventRounds "3"]
[EventCountry "FRA"]
[Source "CDJE 13"]
[SourceDate "2010.06.15"]
[WhiteTeam "Martigues"]
[BlackTeam "Salon de Provence"]
[WhiteTeamCountry "FRA"]
[BlackTeamCountry "FRA"]

1. f4 d5 2. Nf3 Nf6 3. b3 e6 4. Bb2 c5 5. e3 Nc6 6. Bb5 Bd7 7. O-O a6 8. Bxc6
Bxc6 9. Ne5 Bd7 10. d3 Be7 11. Nd2 O-O 12. Rf3 Ne8 13. Rh3 Nd6 14. Qh5 h6 15.
Ng4 e5 16. Bxe5 Bxg4 17. Qxg4 f6 18. Bxd6 Bxd6 19. Rxh6 Qe7 20. Rh3 Kf7 21. Re1
Rh8 22. Rxh8 Rxh8 23. Nf3 c4 24. e4 Bb4 25. Re2 cxd3 26. cxd3 dxe4 27. Kf1 Qc7
28. Rxe4 Qc1+ 29. Kf2 Qc2+ 30. Kg3 Qxd3 31. Rxb4 1-0

[Event "Coupe Totier 2010 Qualifications Suisse"]
[Site "Martigues"]
[Date "2010.06.06"]
[Round "1.2"]
[White "Chazeau, Laineur Lothaire"]
[Black "Cattaneo, Romain"]
[Result "0-1"]
[WhiteElo "1680"]
[BlackElo "1858"]
[PlyCount "74"]
[EventDate "2010.06.06"]
[EventType "swiss ()"]
[EventRounds "3"]
[EventCountry "FRA"]
[Source "CDJE 13"]
[SourceDate "2010.06.15"]
[WhiteTeam "Salon de Provence"]
[BlackTeam "Martigues"]
[WhiteTeamCountry "FRA"]
[BlackTeamCountry "FRA"]

1. d4 g6 2. Bf4 Bg7 3. Nf3 d6 4. e3 Bg4 5. Be2 Nd7 6. h3 Bxf3 7. Bxf3 e5 8. Bg3
c6 9. c3 Ne7 10. Nd2 Nf5 11. Bh2 Nh4 12. g3 Nxf3+ 13. Nxf3 Qe7 14. dxe5 dxe5
15. g4 Nc5 16. Qc2 e4 17. Nd4 Nd3+ 18. Ke2 Bxd4 19. cxd4 Qf6 20. f4 Qh4 21. Bg1
Qg3 22. Rh2 h5 23. g5 O-O 24. Rf1 Rac8 25. b4 Rfd8 26. a3 Rd5 27. h4 a5 28. Qc3
axb4 29. axb4 Ra8 30. Ra1 Nxf4+ 31. Kd2 Rxa1 32. Qxa1 Nd3 33. Qf1 Rf5 34. Qg2
Qe1+ 35. Kc2 Qc1+ 36. Kb3 Qb1+ 37. Kc3 Qxb4+ 0-1

[Event "Coupe Totier 2010 Qualifications Suisse"]
[Site "Martigues"]
[Date "2010.06.06"]
[Round "1.3"]
[White "Lepeigneux, Jean Jacques"]
[Black "Sanchez, Frederic"]
[Result "1/2-1/2"]
[WhiteElo "1617"]
[BlackElo "1590"]
[PlyCount "60"]
[EventDate "2010.06.06"]
[EventType "swiss ()"]
[EventRounds "3"]
[EventCountry "FRA"]
[Source "CDJE 13"]
[SourceDate "2010.06.15"]
[WhiteTeam "Martigues"]
[BlackTeam "Salon de Provence"]
[WhiteTeamCountry "FRA"]
[BlackTeamCountry "FRA"]

1. e4 d5 2. exd5 Qxd5 3. Nc3 Qa5 4. Bc4 Nf6 5. d3 c6 6. Nf3 Bf5 7. Qd2 h6 8.
Qf4 e6 9. Bd2 Qd8 10. Rd1 Nbd7 11. O-O Nb6 12. Bb3 Bd6 13. Qe3 Qc7 14. Ne4 Bxe4
15. dxe4 Ng4 16. Qc3 Bxh2+ 17. Kh1 Be5 18. Nxe5 Qxe5 19. Qxe5 Nxe5 20. Bc3 Ned7
21. Bxg7 Rg8 22. Bc3 Nc5 23. e5 Nxb3 24. cxb3 Nd5 25. Rd4 Rg5 26. Rh4 Nxc3 27.
bxc3 Rg6 28. Rd1 Ke7 29. Rh3 Rd8 30. Rxd8 Kxd8 1/2-1/2

[Event "Coupe Totier 2010 Qualifications Suisse"]
[Site "Martigues"]
[Date "2010.06.06"]
[Round "1.4"]
[White "Benavides, Jeremy"]
[Black "Bouillot, Quentin"]
[Result "1-0"]
[WhiteElo "1450"]
[BlackElo "1480"]
[PlyCount "77"]
[EventDate "2010.06.06"]
[EventType "swiss ()"]
[EventRounds "3"]
[EventCountry "FRA"]
[Source "CDJE 13"]
[SourceDate "2010.06.15"]
[WhiteTeam "Salon de Provence"]
[BlackTeam "Martigues"]
[WhiteTeamCountry "FRA"]
[BlackTeamCountry "FRA"]

1. e4 e5 2. Nf3 Nc6 3. Bb5 Nf6 4. O-O Bd6 5. Re1 a6 6. Ba4 b5 7. Bb3 Na5 8. c3
Nxb3 9. Qxb3 Bb7 10. d3 O-O 11. Nbd2 c5 12. Nf1 h6 13. Ng3 Bc7 14. Nf5 Kh7 15.
Qc2 d5 16. exd5 Bxd5 17. Nxe5 Re8 18. d4 g6 19. Nh4 Be4 20. Qd2 g5 21. Nhf3
Bxf3 22. Nxf3 Rxe1+ 23. Qxe1 cxd4 24. Nxd4 Qd6 25. g3 Re8 26. Be3 Ng4 27. Qb1+
Kg8 28. Nf5 Qf6 29. Bd4 Be5 30. Qe4 Bxd4 31. Qxe8+ Kh7 32. cxd4 Qxf5 33. Qe1
Qc2 34. Qb1 Qxb1+ 35. Rxb1 Nf6 36. Rc1 b4 37. Rc6 Nd5 38. Rxa6 f5 39. Rd6 1-0

[Event "Coupe Totier 2010 Qualifications Suisse"]
[Site "Martigues"]
[Date "2010.06.06"]
[Round "1.1"]
[White "Fayette, Sylvain"]
[Black "Chauvet, Vincent"]
[Result "1/2-1/2"]
[WhiteElo "2026"]
[BlackElo "2008"]
[PlyCount "65"]
[EventDate "2010.06.06"]
[EventType "swiss ()"]
[EventRounds "3"]
[EventCountry "FRA"]
[Source "CDJE 13"]
[SourceDate "2010.06.15"]
[WhiteTeam "Aubagne"]
[BlackTeam "Meyreuil"]
[WhiteTeamCountry "FRA"]
[BlackTeamCountry "FRA"]

1. d4 Nf6 2. c4 e6 3. Nc3 d5 4. Nf3 c6 5. e3 Nbd7 6. Bd3 dxc4 7. Bxc4 b5 8. Bd3
a6 9. O-O Bb7 10. e4 c5 11. Bg5 h6 12. Bxf6 gxf6 13. d5 Qc7 14. dxe6 fxe6 15.
e5 O-O-O 16. exf6 Ne5 17. Nxe5 Qxe5 18. Qc2 Bd6 19. g3 c4 20. Be4 Bb4 21. Bxb7+
Kxb7 22. Rfe1 Qxf6 23. Qe4+ Ka7 24. a4 Bc5 25. axb5 Qxf2+ 26. Kh1 Rd6 27. Rxa6+
Rxa6 28. bxa6 Rb8 29. Nd1 Qf7 30. Qf4 Qxf4 31. gxf4 Rb6 32. Re4 Rxa6 33. Rxc4
1/2-1/2

[Event "Coupe Totier 2010 Qualifications Suisse"]
[Site "Martigues"]
[Date "2010.06.06"]
[Round "1.2"]
[White "Jean, Nicolas"]
[Black "Poulain, Cedric"]
[Result "0-1"]
[WhiteElo "1694"]
[BlackElo "1961"]
[PlyCount "48"]
[EventDate "2010.06.06"]
[EventType "swiss ()"]
[EventRounds "3"]
[EventCountry "FRA"]
[Source "CDJE 13"]
[SourceDate "2010.06.15"]
[WhiteTeam "Meyreuil"]
[BlackTeam "Aubagne"]
[WhiteTeamCountry "FRA"]
[BlackTeamCountry "FRA"]

1. e4 e5 2. Nf3 Nf6 3. d3 Nc6 4. Be2 d5 5. exd5 Nxd5 6. O-O Be7 7. Re1 O-O 8.
Nbd2 Nf4 9. Ne4 Nxe2+ 10. Qxe2 Bg4 11. c3 f5 12. Ng3 Qd5 13. b3 Rad8 14. c4
Qxd3 15. Qxd3 Rxd3 16. Nxe5 Nxe5 17. Rxe5 Rd1+ 18. Nf1 Bf6 19. Bb2 Bxe5 20.
Bxe5 Rxa1 21. Bxa1 f4 22. f3 Bf5 23. Kf2 Bd3 24. g3 Re8 0-1

[Event "Coupe Totier 2010 Qualifications Suisse"]
[Site "Martigues"]
[Date "2010.06.06"]
[Round "1.3"]
[White "Crapon, Laurent"]
[Black "Schiano Lomoriello, Didier"]
[Result "1-0"]
[WhiteElo "1870"]
[BlackElo "1540"]
[PlyCount "47"]
[EventDate "2010.06.06"]
[EventType "swiss ()"]
[EventRounds "3"]
[EventCountry "FRA"]
[Source "CDJE 13"]
[SourceDate "2010.06.15"]
[WhiteTeam "Aubagne"]
[BlackTeam "Meyreuil"]
[WhiteTeamCountry "FRA"]
[BlackTeamCountry "FRA"]

1. d4 Nf6 2. Nf3 g6 3. c4 d5 4. Nc3 Bg7 5. Bf4 c6 6. Qd2 O-O 7. Bh6 Bf5 8. Bxg7
Kxg7 9. e3 dxc4 10. Bxc4 Ne4 11. Nxe4 Bxe4 12. Be2 Nd7 13. O-O c5 14. dxc5 Nxc5
15. Qc3+ Kg8 16. Qxc5 b6 17. Qb4 Qd5 18. Rfd1 Qb7 19. Rd4 a5 20. Qa4 Bc6 21.
Bb5 Bxf3 22. gxf3 Qxf3 23. Bc6 Rad8 24. Bxf3 1-0

[Event "Coupe Totier 2010 Qualifications Suisse"]
[Site "Martigues"]
[Date "2010.06.06"]
[Round "1.4"]
[White "Montanelli, Tristan"]
[Black "Lognos, Line"]
[Result "1-0"]
[WhiteElo "1646"]
[BlackElo "1140"]
[PlyCount "67"]
[EventDate "2010.06.06"]
[EventType "swiss ()"]
[EventRounds "3"]
[EventCountry "FRA"]
[Source "CDJE 13"]
[SourceDate "2010.06.15"]
[WhiteTeam "Meyreuil"]
[BlackTeam "Aubagne"]
[WhiteTeamCountry "FRA"]
[BlackTeamCountry "FRA"]

1. e3 g6 2. Nf3 d6 3. Bc4 Bg7 4. d4 Nf6 5. Nbd2 O-O 6. O-O c6 7. c3 d5 8. Bd3
Nbd7 9. e4 dxe4 10. Nxe4 Re8 11. Re1 e5 12. Nd6 Re7 13. Bg5 h6 14. Bh4 Re6 15.
Nxc8 Rxc8 16. Nxe5 g5 17. Bg3 Nh5 18. Qxh5 Nf6 19. Qxf7+ Kh8 20. Ng6+ Kh7 21.
Nf8+ Kh8 22. Qxg7+ Kxg7 23. Nxe6+ Kf7 24. Nxd8+ Rxd8 25. Bc4+ Kf8 26. Re6 Ne8
27. Rae1 Nd6 28. Bxd6+ Kf7 29. Re7+ Kf6 30. R1e6+ Kf5 31. Bd3+ Kg4 32. f3+ Kh5
33. Bg6+ Kh4 34. Bg3# 1-0

[Event "Coupe Totier 2010 Qualifications Suisse"]
[Site "Martigues"]
[Date "2010.06.06"]
[Round "1.1"]
[White "Lefevre, Michel1"]
[Black "Brest, Jean Francois"]
[Result "0-1"]
[WhiteElo "1570"]
[BlackElo "1888"]
[PlyCount "70"]
[EventDate "2010.06.06"]
[EventType "swiss ()"]
[EventRounds "3"]
[EventCountry "FRA"]
[Source "CDJE 13"]
[SourceDate "2010.06.15"]
[WhiteTeam "Martigues II"]
[BlackTeam "Marseille Echecs"]
[WhiteTeamCountry "FRA"]
[BlackTeamCountry "FRA"]

1. d4 Nf6 2. c4 g6 3. Nc3 d5 4. Nf3 Bg7 5. Bf4 c5 6. dxc5 Qa5 7. Bd2 Qxc5 8.
cxd5 Nxd5 9. Rc1 O-O 10. e4 Nxc3 11. Bxc3 Bxc3+ 12. Rxc3 Qb4 13. Qc2 Nc6 14.
Bd3 Bg4 15. a3 Qa5 16. b4 Qb6 17. b5 Nd4 18. Nxd4 Qxd4 19. O-O Rac8 20. Rc4
Rxc4 21. Qxc4 Qxc4 22. Bxc4 Rc8 23. Bd5 Rc7 24. f3 Bd7 25. a4 e6 26. Ba2 a6 27.
Rb1 axb5 28. axb5 b6 29. Rb4 Rc1+ 30. Kf2 Rc2+ 31. Kg3 Rxa2 32. Kf4 Rxg2 33.
Rd4 Bxb5 34. Ke5 Kg7 35. Rb4 Rxh2 0-1

[Event "Coupe Totier 2010 Qualifications Suisse"]
[Site "Martigues"]
[Date "2010.06.06"]
[Round "1.2"]
[White "Bremond, Pascal"]
[Black "Santiago, Jean Jose"]
[Result "1-0"]
[WhiteElo "1995"]
[BlackElo "1199"]
[PlyCount "57"]
[EventDate "2010.06.06"]
[EventType "swiss ()"]
[EventRounds "3"]
[EventCountry "FRA"]
[Source "CDJE 13"]
[SourceDate "2010.06.15"]
[WhiteTeam "Marseille Echecs"]
[BlackTeam "Martigues II"]
[WhiteTeamCountry "FRA"]
[BlackTeamCountry "FRA"]

1. e4 e5 2. Nf3 Nc6 3. c3 Bc5 4. d4 exd4 5. cxd4 Bb4+ 6. Nc3 Nf6 7. Bd3 d5 8.
e5 Ne4 9. Qc2 Bf5 10. Be3 O-O 11. O-O Bxc3 12. bxc3 a6 13. Rfe1 h6 14. Nd2 Qh4
15. f3 Nxd2 16. Bxf5 Nc4 17. Bf2 Qg5 18. Re2 Rae8 19. Rae1 Re7 20. g3 Rfe8 21.
h4 Na3 22. Qd3 Rxe5 23. hxg5 Rxe2 24. Rxe2 Rxe2 25. Qxe2 g6 26. Qe8+ Kh7 27.
Qxf7+ Kh8 28. gxh6 gxf5 29. Qg7# 1-0

[Event "Coupe Totier 2010 Qualifications Suisse"]
[Site "Martigues"]
[Date "2010.06.06"]
[Round "1.3"]
[White "Nerino Escoubet, Gabriel"]
[Black "Figier, Anthony"]
[Result "0-1"]
[WhiteElo "1099"]
[BlackElo "1651"]
[PlyCount "50"]
[EventDate "2010.06.06"]
[EventType "swiss ()"]
[EventRounds "3"]
[EventCountry "FRA"]
[Source "CDJE 13"]
[SourceDate "2010.06.15"]
[WhiteTeam "Martigues II"]
[BlackTeam "Marseille Echecs"]
[WhiteTeamCountry "FRA"]
[BlackTeamCountry "FRA"]

1. e4 e5 2. d3 Nc6 3. Nf3 Nf6 4. Bg5 Be7 5. d4 exd4 6. e5 Ne4 7. Bxe7 Qxe7 8.
Nxd4 Qb4+ 9. c3 Qxb2 10. Nd2 Nxd2 11. Qc1 Qxc1+ 12. Rxc1 Nxf1 13. Nf3 O-O 14.
Rxf1 Nxe5 15. Nxe5 Re8 16. f4 d6 17. g4 dxe5 18. f5 b6 19. h4 f6 20. h5 Bb7 21.
Rf2 Rad8 22. Rd1 Rxd1+ 23. Kxd1 Rd8+ 24. Rd2 Rxd2+ 25. Kxd2 Bf3 0-1

[Event "Coupe Totier 2010 Qualifications Suisse"]
[Site "Martigues"]
[Date "2010.06.06"]
[Round "1.4"]
[White "Derige, Yan"]
[Black "Santiago, Antoine Louis"]
[Result "1-0"]
[WhiteElo "1410"]
[BlackElo "1009"]
[PlyCount "45"]
[EventDate "2010.06.06"]
[EventType "swiss ()"]
[EventRounds "3"]
[EventCountry "FRA"]
[Source "CDJE 13"]
[SourceDate "2010.06.15"]
[WhiteTeam "Marseille Echecs"]
[BlackTeam "Martigues II"]
[WhiteTeamCountry "FRA"]
[BlackTeamCountry "FRA"]

1. d4 d5 2. c4 dxc4 3. Nc3 Nc6 4. Nf3 Bg4 5. e4 Bxf3 6. Qxf3 Nxd4 7. Qd1 e5 8.
Bxc4 c6 9. O-O Nf6 10. Be3 Bb4 11. a3 Bxc3 12. bxc3 Nb5 13. Qb3 a6 14. Bxf7+
Kd7 15. Rad1+ Kc7 16. Rxd8 Kxd8 17. Bb6+ Kc8 18. Qe6+ Kb8 19. Qxe5+ Kc8 20.
Be6+ Nd7 21. a4 Nd6 22. Qxd6 Ra7 23. Qc7# 1-0

[Event "Coupe Totier 2010 Qualifications Suisse"]
[Site "Martigues"]
[Date "2010.06.06"]
[Round "2.1"]
[White "Brest, Jean Francois"]
[Black "Fayette, Sylvain"]
[Result "1/2-1/2"]
[WhiteElo "1888"]
[BlackElo "2026"]
[PlyCount "88"]
[EventDate "2010.06.06"]
[EventType "swiss ()"]
[EventRounds "3"]
[EventCountry "FRA"]
[Source "CDJE 13"]
[SourceDate "2010.06.15"]
[WhiteTeam "Marseille Echecs"]
[BlackTeam "Aubagne"]
[WhiteTeamCountry "FRA"]
[BlackTeamCountry "FRA"]

1. e4 c5 2. Nf3 e6 3. d4 cxd4 4. Nxd4 Nf6 5. Nc3 Nc6 6. Nxc6 bxc6 7. e5 Nd5 8.
Ne4 Qc7 9. f4 Qa5+ 10. Kf2 Qb6+ 11. Kf3 c5 12. c4 f5 13. Nd6+ Bxd6 14. cxd5 Be7
15. Kg3 exd5 16. Qxd5 Bb7 17. Qb3 Qg6+ 18. Kf2 Be4 19. Rg1 Rc8 20. Bc4 Qh5 21.
h3 Bh4+ 22. Kf1 Qg6 23. g3 Be7 24. Qd1 Qh6 25. h4 Qc6 26. Kf2 Rb8 27. b3 Rd8
28. Bb2 Qh6 29. Qe2 Bxh4 30. Ke1 Be7 31. Rd1 d5 32. exd6 Rxd6 33. Rxd6 Bxd6 34.
Bd5 Kd8 35. Bxe4 fxe4 36. Qa6 Bxf4 37. Qb7 Bd2+ 38. Kd1 Qd6 39. Qa8+ Kd7 40.
Qb7+ Kd8 41. Qa8+ Kc7 42. Qxa7+ Kd8 43. Qa8+ Kc7 44. Qa7+ Kd8 1/2-1/2

[Event "Coupe Totier 2010 Qualifications Suisse"]
[Site "Martigues"]
[Date "2010.06.06"]
[Round "2.2"]
[White "Poulain, Cedric"]
[Black "Bremond, Pascal"]
[Result "1-0"]
[WhiteElo "1961"]
[BlackElo "1995"]
[PlyCount "61"]
[EventDate "2010.06.06"]
[EventType "swiss ()"]
[EventRounds "3"]
[EventCountry "FRA"]
[Source "CDJE 13"]
[SourceDate "2010.06.15"]
[WhiteTeam "Aubagne"]
[BlackTeam "Marseille Echecs"]
[WhiteTeamCountry "FRA"]
[BlackTeamCountry "FRA"]

1. d4 d5 2. e4 dxe4 3. Nc3 Nf6 4. f3 e3 5. Bxe3 Bf5 6. Nge2 e6 7. Nf4 Nd5 8.
Ncxd5 exd5 9. Qe2 c6 10. g4 Be6 11. O-O-O Be7 12. Nxe6 fxe6 13. Bf4 O-O 14.
Qxe6+ Kh8 15. Bd2 a5 16. f4 Na6 17. g5 c5 18. Re1 Bd6 19. Qg4 c4 20. f5 Nb4 21.
g6 c3 22. bxc3 Nxa2+ 23. Kb1 Rc8 24. Kxa2 Qd7 25. Qh5 h6 26. Rg1 Rxf5 27. Qh3
Qa4+ 28. Kb1 Rc6 29. Bxh6 Qb5+ 30. Kc1 Rxf1 31. Bd2+ 1-0

[Event "Coupe Totier 2010 Qualifications Suisse"]
[Site "Martigues"]
[Date "2010.06.06"]
[Round "2.3"]
[White "Figier, Anthony"]
[Black "Crapon, Laurent"]
[Result "1-0"]
[WhiteElo "1651"]
[BlackElo "1870"]
[PlyCount "43"]
[EventDate "2010.06.06"]
[EventType "swiss ()"]
[EventRounds "3"]
[EventCountry "FRA"]
[Source "CDJE 13"]
[SourceDate "2010.06.15"]
[WhiteTeam "Marseille Echecs"]
[BlackTeam "Aubagne"]
[WhiteTeamCountry "FRA"]
[BlackTeamCountry "FRA"]

1. e4 e5 2. Nf3 Nc6 3. d4 exd4 4. Nxd4 Bc5 5. Be3 Qf6 6. c3 Nge7 7. Bc4 O-O 8.
O-O Bb6 9. f4 d6 10. Kh1 Bd7 11. g4 Ng6 12. g5 Qd8 13. Nd2 Nxd4 14. cxd4 a6 15.
f5 Ne5 16. dxe5 Bxe3 17. g6 hxg6 18. fxg6 Be6 19. Qh5 Bh6 20. gxf7+ Bxf7 21.
Bxf7+ Kh8 22. e6 1-0

[Event "Coupe Totier 2010 Qualifications Suisse"]
[Site "Martigues"]
[Date "2010.06.06"]
[Round "2.4"]
[White "Lognos, Line"]
[Black "Derige, Yan"]
[Result "0-1"]
[WhiteElo "1140"]
[BlackElo "1410"]
[PlyCount "56"]
[EventDate "2010.06.06"]
[EventType "swiss ()"]
[EventRounds "3"]
[EventCountry "FRA"]
[Source "CDJE 13"]
[SourceDate "2010.06.15"]
[WhiteTeam "Aubagne"]
[BlackTeam "Marseille Echecs"]
[WhiteTeamCountry "FRA"]
[BlackTeamCountry "FRA"]

1. d4 d5 2. Bf4 Nf6 3. Nf3 Bf5 4. e3 e6 5. c3 Be7 6. Be2 O-O 7. O-O Nbd7 8.
Nbd2 h6 9. h3 c5 10. Ne5 cxd4 11. exd4 Nxe5 12. Bxe5 Ne4 13. Nxe4 Bxe4 14. Bf3
Bf5 15. Bg4 f6 16. Bh2 Bxg4 17. Qxg4 f5 18. Qe2 Bd6 19. Qxe6+ Kh8 20. Qxd6 Qg5
21. Qxd5 Rad8 22. Qxb7 f4 23. f3 Rb8 24. Qc7 Rxb2 25. g4 fxg3 26. Bxg3 h5 27.
f4 Qxg3+ 28. Kh1 Qg2# 0-1

[Event "Coupe Totier 2010 Qualifications Suisse"]
[Site "Martigues"]
[Date "2010.06.06"]
[Round "2.1"]
[White "Puglisi, Orazio"]
[Black "Normand, Geoffroy"]
[Result "0-1"]
[WhiteElo "1948"]
[BlackElo "2019"]
[PlyCount "100"]
[EventDate "2010.06.06"]
[EventType "swiss ()"]
[EventRounds "3"]
[EventCountry "FRA"]
[Source "CDJE 13"]
[SourceDate "2010.06.15"]
[WhiteTeam "Aubagne II"]
[BlackTeam "Martigues"]
[WhiteTeamCountry "FRA"]
[BlackTeamCountry "FRA"]

1. f4 e5 2. d3 d5 3. Nf3 exf4 4. Bxf4 Bd6 5. Qd2 Nc6 6. Nc3 Nf6 7. O-O-O a6 8.
Bxd6 Qxd6 9. e4 d4 10. e5 dxc3 11. Qg5 Qb4 12. bxc3 Qxc3 13. exf6 gxf6 14. Qf4
Nb4 15. Qc4 Qxc4 16. dxc4 Nxa2+ 17. Kb2 Nb4 18. Re1+ Be6 19. Nd4 Kd7 20. Be2 c5
21. Nb3 b6 22. Kc3 Kc7 23. Bf3 Rad8 24. Rhf1 f5 25. Re5 Nc6 26. Ree1 Rd7 27.
Nc1 Rd4 28. Be2 Rhd8 29. Nb3 Re4 30. Nd2 Re3+ 31. Bd3 Rxe1 32. Rxe1 Nd4 33. Nf1
b5 34. cxb5 Nxb5+ 35. Kb2 c4 36. Be2 a5 37. c3 f4 38. Ra1 Kb6 39. Ra4 Nd6 40.
Nd2 Kb5 41. Ra1 Nf5 42. Nf3 Ne3 43. Nd4+ Kb6 44. Bf3 Bd5 45. Bxd5 Rxd5 46. g3
Rxd4 47. cxd4 f3 48. Kc3 f2 49. Rb1+ Kc7 50. d5 f1=Q 0-1

[Event "Coupe Totier 2010 Qualifications Suisse"]
[Site "Martigues"]
[Date "2010.06.06"]
[Round "2.2"]
[White "Cattaneo, Romain"]
[Black "Miguel, Alain"]
[Result "1-0"]
[WhiteElo "1858"]
[BlackElo "1876"]
[PlyCount "77"]
[EventDate "2010.06.06"]
[EventType "swiss ()"]
[EventRounds "3"]
[EventCountry "FRA"]
[Source "CDJE 13"]
[SourceDate "2010.06.15"]
[WhiteTeam "Martigues"]
[BlackTeam "Aubagne II"]
[WhiteTeamCountry "FRA"]
[BlackTeamCountry "FRA"]

1. e4 c5 2. Nc3 Nc6 3. d3 g6 4. Be2 Bg7 5. h4 h5 6. f4 d6 7. Nf3 Nd4 8. Nd5 e6
9. Ne3 e5 10. c3 Ne6 11. f5 Nf8 12. fxg6 fxg6 13. Ng5 Nf6 14. Qb3 Qe7 15. Rf1
Ne6 16. Nd5 Nxd5 17. exd5 Nf4 18. Bxf4 exf4 19. Rxf4 Be5 20. Rf7 Qxf7 21. Nxf7
Kxf7 22. Kd2 Kg7 23. Rf1 Rd8 24. Qd1 Kh6 25. g4 hxg4 26. Bxg4 Bxg4 27. Qxg4 Rf8
28. Qg5+ Kh7 29. Qe7+ Kg8 30. Rg1 Rf7 31. Rxg6+ Bg7 32. Qxd6 b6 33. h5 Kh7 34.
Kc2 Re8 35. Re6 Rf2+ 36. Kb3 Ref8 37. h6 Bh8 38. Re7+ R2f7 39. Qe6 1-0

[Event "Coupe Totier 2010 Qualifications Suisse"]
[Site "Martigues"]
[Date "2010.06.06"]
[Round "2.3"]
[White "Mosse, Laurent"]
[Black "Lepeigneux, Jean Jacques"]
[Result "0-1"]
[WhiteElo "1670"]
[BlackElo "1617"]
[PlyCount "66"]
[EventDate "2010.06.06"]
[EventType "swiss ()"]
[EventRounds "3"]
[EventCountry "FRA"]
[Source "CDJE 13"]
[SourceDate "2010.06.15"]
[WhiteTeam "Aubagne II"]
[BlackTeam "Martigues"]
[WhiteTeamCountry "FRA"]
[BlackTeamCountry "FRA"]

1. e4 g6 2. d4 d6 3. Nf3 Bg7 4. Be2 Nd7 5. O-O e5 6. d5 a6 7. c4 Nc5 8. Nc3 f5
9. exf5 Bxf5 10. Be3 e4 11. Bxc5 exf3 12. Bxf3 dxc5 13. Re1+ Ne7 14. Qe2 Bf6
15. g4 Bc8 16. d6 cxd6 17. Nd5 Be5 18. Nxe7 Qxe7 19. Bd5 h5 20. Qe4 hxg4 21.
Qxg6+ Kd8 22. Kf1 Rf8 23. Rxe5 Qxe5 24. Re1 Qf6 25. Qc2 Bf5 26. Qd2 Qd4 27.
Qg5+ Kc7 28. Qe7+ Bd7 29. Qe2 Rae8 30. Qc2 Rxe1+ 31. Kxe1 Qe5+ 32. Kf1 Qxh2 33.
Qd2 g3 0-1

[Event "Coupe Totier 2010 Qualifications Suisse"]
[Site "Martigues"]
[Date "2010.06.06"]
[Round "2.4"]
[White "Bouillot, Quentin"]
[Black "Roman, Sylvian"]
[Result "1-0"]
[WhiteElo "1480"]
[BlackElo "1490"]
[PlyCount "83"]
[EventDate "2010.06.06"]
[EventType "swiss ()"]
[EventRounds "3"]
[EventCountry "FRA"]
[Source "CDJE 13"]
[SourceDate "2010.06.15"]
[WhiteTeam "Martigues"]
[BlackTeam "Aubagne II"]
[WhiteTeamCountry "FRA"]
[BlackTeamCountry "FRA"]

1. d4 Nf6 2. c4 g6 3. Nc3 Bg7 4. e4 d6 5. f4 O-O 6. Nf3 c5 7. d5 Nbd7 8. Bd3
Nb6 9. h3 e5 10. fxe5 dxe5 11. Bg5 Re8 12. O-O a6 13. Rf2 Qd6 14. Qf1 Nh5 15.
Qc1 Nf4 16. Bxf4 exf4 17. Ne2 Na4 18. Rb1 Re7 19. b3 Nb6 20. Qxf4 Qxf4 21. Nxf4
Be5 22. Ne2 Bd7 23. Nxe5 Rxe5 24. Rbf1 Rf8 25. Bc2 Kg7 26. Nf4 Nc8 27. Nd3 Rxe4
28. Nxc5 Re7 29. Nxb7 Bxh3 30. Nc5 Bg4 31. Nxa6 Nd6 32. c5 Nb5 33. Rf4 Bc8 34.
Nb4 Nc3 35. d6 Rb7 36. Rc4 Nb5 37. c6 Nxd6 38. cxb7 Bxb7 39. Rc7 Be4 40. Bxe4
Nxe4 41. Nc6 Nc3 42. a4 1-0

[Event "Coupe Totier 2010 Qualifications Suisse"]
[Site "Martigues"]
[Date "2010.06.06"]
[Round "2.1"]
[White "Chauvet, Vincent"]
[Black "Lefevre, Michel1"]
[Result "1-0"]
[WhiteElo "2008"]
[BlackElo "1570"]
[PlyCount "81"]
[EventDate "2010.06.06"]
[EventType "swiss ()"]
[EventRounds "3"]
[EventCountry "FRA"]
[Source "CDJE 13"]
[SourceDate "2010.06.15"]
[WhiteTeam "Meyreuil"]
[BlackTeam "Martigues II"]
[WhiteTeamCountry "FRA"]
[BlackTeamCountry "FRA"]

1. e4 d6 2. d4 Nf6 3. Nc3 g6 4. Nf3 Bg7 5. Be2 O-O 6. Bg5 Bg4 7. Qd2 Nbd7 8. h3
Bxf3 9. Bxf3 Ne8 10. h4 f6 11. Be3 e5 12. d5 Qe7 13. h5 f5 14. Bh6 Bxh6 15.
Qxh6 g5 16. exf5 Rf6 17. Qxg5+ Qg7 18. Qxg7+ Nxg7 19. g4 h6 20. Nb5 Rc8 21.
Nxa7 Re8 22. Be4 Nc5 23. f3 Nxe4 24. fxe4 Kh7 25. Nb5 Re7 26. Kd2 Ref7 27. Nc3
Ne8 28. Nd1 Rg7 29. Ne3 Rff7 30. a4 Nf6 31. Kd3 Nxg4 32. Nxg4 Rxg4 33. Rag1
Rgg7 34. Rg6 Rd7 35. Rhg1 Kg8 36. f6 Rxg6 37. hxg6 b6 38. Rh1 Rd8 39. Rxh6 Rf8
40. g7 Re8 41. Rh8+ 1-0